000 01018nam a2200217Ia 4500
001 3700
005 20260420152335.0
008 260306t2007||||xx |||||||||||||| ||spa||
041 _aESP
082 _a302
_bM86 2007
100 _aMorales Domínguez, Francisco J.
_eAUT
245 0 _aPsicología social
260 _c2007
650 _aGEN
654 _aCPS
856 _uhttps://itmsp.museknowledge.com/UCSP?url=https://www.ebooks7-24.com:443/?il=4703&pg=1
_zVéase además: Psicología social, por Robert A. Baron. Versión digital
856 _uhttps://0u213x8ao-y-https-ebooks7--24-com.itmsp.museknowledge.com/biblioteca.aspx
_zVéase además: Base de datos Ebook7-24
856 _uhttps://0u20vx80g-y-https-ebookcentral-proquest-com.itmsp.museknowledge.com/lib/catolicasp/home.action
_zVéase además: Base de datos ProQuest Ebook Central
856 _uhttps://0u20fx8av-y-https-research-ebsco-com.itmsp.museknowledge.com/c/qxo6us/search
_zVéase además: Base de datos EBSCOhost
942 _cLIB
_dJUS
_fJUS
_2ddc
999 _c3700
_d3700